| 000 | 00841nam a2200265Ia 4500 | ||
|---|---|---|---|
| 003 | OSt | ||
| 005 | 20220924124215.0 | ||
| 006 | a|||||r|||| 00| 0 | ||
| 007 | ta | ||
| 008 | 220923b |||||||| |||| 00| 0 urd d | ||
| 020 | _a9789351600602 (pbk) | ||
| 020 | _c163 | ||
| 024 | _a285248 | ||
| 037 |
_b43536, 13/03/2015, Segment Book Distributors _cTextual |
||
| 040 |
_aARTS _cARTS _burd |
||
| 041 |
_2urd _aurd |
||
| 082 | _aP168, Q4 | ||
| 100 |
_aEkramuddin Khwaja Mohammad _9195185 |
||
| 245 | 0 |
_aEkisween sadi mein urdu _b farogh aur imkan |
|
| 260 |
_aNew Delhi _b National Council for Promotion of Urdu Language India _c2014 |
||
| 300 |
_a349p. _ccm. |
||
| 650 | _aLINGUISTICS | ||
| 942 |
_hP168, Q4 _cTEXL _2CC |
||
| 999 |
_c418814 _d418814 |
||